| 000 | 01505nam a2200421 i 4500 | ||
|---|---|---|---|
| 001 | 8487 | ||
| 003 | KOSZ 005 | ||
| 005 | 20210706122103.0 | ||
| 008 | 070620s1969 pl f 000 0 pol | ||
| 015 | _aPB 1969/6878 | ||
| 035 | _a991039011969705066 | ||
| 035 | _a(PL-WaBN)b20438254-48omnis_nlop | ||
| 035 | _ab20438254 | ||
| 035 | _a(OCoLC)831233653 | ||
| 035 | _a(PL)b0000002043825 | ||
| 035 | _a(EXLNZ-48OMNIS_NETWORK)9910271755005606 | ||
| 040 |
_aWA N _cWA N _dKOSZ 005/KK |
||
| 080 | _a72.01 | ||
| 100 | 1 |
_aSławińska, Jadwiga _eAutor |
|
| 245 | 1 | 0 |
_aEkspresja sił w nowoczesnej architekturze / _cJadwiga Sławińska ; ilustracje i opracowanie graficzne Konrad Kucza-Kuczyński, Bogdan Popławski. |
| 260 |
_aWarszawa : _bArkady, _c1969. |
||
| 300 |
_a111, [1] strona ; _c23 cm. |
||
| 336 |
_2rdacontent _aTekst _btxt |
||
| 337 |
_2rdamedia _aBez urządzenia pośredniczącego _bn |
||
| 338 |
_2rdacarrier _aWolumin _bnc |
||
| 380 | _aKsiążki | ||
| 388 | _a1901-2000 | ||
| 504 | _aBibliografia na stronach 110-[112]. | ||
| 650 | 7 |
_aBudownictwo _2DBN |
|
| 650 | 7 |
_aTeoria architektury _2DBN |
|
| 658 | _aArchitektura i budownictwo | ||
| 700 | 1 |
_aKucza-Kuczyński, Konrad _d(1941- ). _eIlustracje |
|
| 700 | 1 |
_aPopławski, Bogdan. _eIlustracje |
|
| 710 | 2 |
_aWydawnictwo "Arkady". _4pbl |
|
| 856 |
_uhttp://koha.tu.koszalin.pl/cgi-bin/koha/opac-detail.pl?biblionumber=8487 _yKatalog online BPK |
||
| 942 |
_2UKD _cKS |
||
| 999 |
_c8487 _d8487 |
||